| 000 | 00548nam a2200205 a 4500 | ||
|---|---|---|---|
| 008 | |||
| 020 | _a0713116706 (pbk.) | ||
| 049 | _aMAIN | ||
| 090 | _aQA402 | ||
| 100 | 1 | _aKilgannon,P | |
| 245 | 1 | 0 |
_aThe Student's Systems Analysis/ _cPeterKilgannon |
| 260 |
_aLondon: _bEdward Arnold, _c1972 |
||
| 300 |
_aiv,268 p. : _bill. _c25 cm. |
||
| 650 | 1 | _aSystems Analysis | |
| 907 |
_a.b10184417 _b17-01-06 _c05-01-06 |
||
| 003 | |||
| 005 | 20230123134135.0 | ||
| 040 | _cNUST | ||
| 942 |
_cBOOKS _kQA402 |
||
| 999 |
_c160732 _d160732 |
||